LEADER 01196nam a2200289 4500 001 000000349900 003 CaOOAMICUS 005 20220419102149.0 008 220404s1995 it 000 u ita r 020 $a88-01-10165-1 040 $aSeMil$bita 100 1 $aFerrero, Bruno,$c.$0(OLS)http://semarc/name/45145 245 10$aAltre storie :$bper la scuola e la catechesi /$cBruno Ferrero. 250 $a3. rist. 264 1$aLeumann (Torino) :$bElle Di Ci,$c1995. 300 $a277 p. ;$c21 cm 490 1 $aEssere catechista ;$v1 650 4$aCatechesi [per] bambini.$0(OLS)http://semarc/subject/49943 650 4$aDidattica.$0(OLS)http://semarc/subject/3696 830 0$aEssere catechista ;$v1.$0(OLS)http://semarc/title/10167 850 $aSeMil 852 $aSeMil$W1$xVenegono$y1$m1Q I 136$j232944$B240931$CSeMilBibl$Z2$F240931 $81 961 $aConti don Gildo - Omaggio 996 $6020$a88-01-10165-1$9(OLS)http://semarc/number/295624 996 $6245$aAltre storie :$bper la scuola e la catechesi$9(OLS)http://semarc/title/439556 996 $6264$aLeumann (Torino) :$bElle Di Ci$9(OLS)http://semarc/publisher/29809 LEADER 01036nam a2200241 i 4500 001 000000070469 003 CaOOAMICUS 005 20241209140709.0 008 080820s1974 gw u000 u ger u 013 $a41641 020 $a3-7728-0534-5 040 $aSeMil$bita 100 1 $aGatzemeier, Matthias <1937- >.$0(OLS)http://semarc/name/8903 245 14$aDie Sache der Theologie /$cMatthias Gatzemeier. 260 $aStuttgart-Bad Cannstatt :$bFrommann-Holzboog,$c1974. 300 $a202 p. ;$c21 cm. 773 0 $aGatzemeier, Matthias <1937- >$tTheologie als Wissenschaft?.$dStuttgart-Bad Cannstatt : Frommann-Holzboog, 1974-1975.$kProblemata$g1$w()19942 850 $aSeMil 852 $aSeMil$W1$xVenegono$y1$m2P II 379$j36622$B36622$CSeMilBibl$Z2$F36625 $81 996 $6020$a3-7728-0534-5$9(OLS)http://semarc/number/49236 996 $6245$aDie Sache der Theologie$9(OLS)http://semarc/title/113161 996 $6260$aStuttgart-Bad Cannstatt :$bFrommann-Holzboog$9(OLS)http://semarc/publisher/30371